|
|
|
|
| LEADER |
00000nas1a2200000 4500 |
| 001 |
137420 |
| 005 |
20240405103950.0 |
| 011 |
|
|
|a 0367-2409
|
| 035 |
|
|
|a (RuTPU)RU\TPU\book\148918
|
| 090 |
|
|
|a 137420
|
| 100 |
|
|
|a 20080512b19691990k y0rusy50 ca
|
| 101 |
0 |
|
|a rus
|
| 102 |
|
|
|a UA
|
| 110 |
|
|
|a zyuzz 0uu0
|
| 200 |
1 |
|
|a Физико-химическая механика и лиофильность дисперсных систем
|e республиканский межведомственный сборник научных трудов
|f Академия наук Украинской ССР (АН УССР), Институт коллоидной химии и химии воды им. А. В. Думанского
|
| 210 |
|
|
|a Киев
|c Наукова думка
|d 1968-1990
|
| 305 |
|
|
|a Основан в 1968 г.
|
| 712 |
0 |
2 |
|a Академия наук Украинской ССР
|b Институт коллоидной химии и химии воды им. А. В. Думанского
|c (Киев)
|3 (RuTPU)RU\TPU\col\11823
|9 25263
|
| 801 |
|
1 |
|a RU
|b 63413507
|c 20080512
|
| 801 |
|
2 |
|a RU
|b 63413507
|c 20231010
|g RCR
|
| 942 |
|
|
|c CR
|